000 02445cam a2200349 i 4500
001 ssj0001806240
003 EG-ScBUE
005 20250217102517.0
008 160701t2021 nyua f 000 0 eng d
020 _a9781641163361
040 _aNLM
_beng
_erda
_cNLM
_dYDX
_dMTG
_dOCLCF
_dMOU
_dBTCTA
_dYDXCP
_dVET
_dOHX
_dOCLCO
_dBDX
_dNLM
_dOCLCO
_dOCLCA
_dDLC
_dWaSeSS
_dEG-ScBUE
082 0 4 _222
_a615.321
_bHER
130 0 _aHerbal medicines (Inui)
245 0 0 _aHerbal medicines :
_bmodern applications of traditional formulas /
_ceditor Melissa Gould.
264 1 _aForest Hills, NY :
_bCallisto Reference,
_c[2021]
264 4 _cc2021.
300 _aviii, 237 pages :
_billustrations (some color) ;
_c26 cm
336 _2rdacontent
_atext
_btxt
337 _2rdamedia
_aunmediated
_bn
338 _2rdacarrier
_avolume
_bnc
506 _aAvailable on campus and off campus with authorized login.
520 _a"This book examines the use of herbal medicine in the treatment of intractable diseases as well as common health problems. Given the stringent quality control of herbal medicine such as Kampo and reproducibility of preclinical findings, together with overall fewer adverse events, its attractiveness continues to rise, and multi-component herbal medicine capable of targeting multiple sites can be useful for future drug discovery. Written for the Methods in Pharmacology and Toxicology series, this collection features practical advice for hands-on work in this exciting and expansive field. Authoritative and easily applicable, Herbal Medicines: New Horizons summarizes the current state and translational aspect of herbal medicine in modern society in order to help establish a rational therapy for patients"--
_cBack cover.
650 7 _aHerbs
_xTherapeutic use.
_2BUEsh
653 _cFebruary2025
_bPPhrm
655 _vReading book
700 1 _aGould, Melissa,
_eeditor.
856 4 0 _aBLOOMINGTON
_uhttps://KG6EK7CQ2B.search.serialssolutions.com/ejp/?libHash=KG6EK7CQ2B#/search/?searchControl=title&searchType=title_code&criteria=TC0001806240
856 4 0 _aINDIANAPOLIS
_uhttps://RX8KL6YF4X.search.serialssolutions.com/ejp/?libHash=RX8KL6YF4X#/search/?searchControl=title&searchType=title_code&criteria=TC0001806240
856 4 0 _aCOLUMBUS
_uhttps://RX8KL6YF4X.search.serialssolutions.com/ejp/?libHash=RX8KL6YF4X#/search/?searchControl=title&searchType=title_code&criteria=TC0001806240
942 _2ddc
_cBB
999 _c30899
_d30870